Catalog

Record Details

Catalog Search



Základy psychologie  Cover Image Book Book

Základy psychologie / Marie Vágnerová

Vágnerová, Marie, 1946- (Author). Univerzita Karlova (Added Author).

Record details

  • ISBN: 80-246-0841-3
  • ISBN: 978-80-246-0841-9
  • Physical Description: 356 s. ; 22 cm
  • Edition: Vyd. 1.
  • Publisher: V Praze : Karolinum, 2004

Content descriptions

General Note:
Dotisk r. 2005, 2. dotisk r. 2007
Bibliography, etc. Note:
Obsahuje bibliografii, bibliografické odkazy a rejstříky
Issuing Body Note:
Vydavatel: Univerzita Karlova v Praze
Subject: psychologie
psychology
Genre: učebnice vysokých škol
textbooks (higher)

Available copies

  • 10 of 11 copies available at Common Catalog SPOK.

Holds

  • 0 current holds with 11 total copies.
Show All Copies
Location Call Number / Copy Notes Barcode Shelving Location Status Due Date
Jabok Library Psy-3/V 424480018872 Odborná literatura Available -
Jabok Library Psy-3/V 424480022934 Odborná literatura Available -
Jabok Library Psy-3/V 424480022942 Odborná literatura Available -
Jabok Library Psy-3/V 424480022943 Odborná literatura Available -
Jabok Library Psy-3/V 424480022944 Odborná literatura Available -
Jabok Library Psy-3/V 424480022950 Odborná literatura Available -
Jabok Library Psy-3/V 424480022951 Odborná literatura Available -
Jabok Library Psy-3/V 424480022952 Odborná literatura Available -
Jabok Library Psy-3/V 424480022953 Odborná literatura Available -
Jabok Library Psy-3/V 424480024292 Odborná literatura Available -

Electronic resources

Version of Resource: Digitalizovaný dokument


LDR 01431nam a2200397 a 4500
00115214
003CZ-PrJAB
00520180710055237.0
007ta
008040906s2004 xr e p 001 0 cze
015 . ‡acnb001326571
020 . ‡a80-246-0841-3 ‡q(váz.)
020 . ‡a978-80-246-0841-9 ‡q(2. dotisk 2007 ; ‡qváz.)
035 . ‡a(CZ PrNK)cpk20041326571
035 . ‡a(OCoLC)85112051
040 . ‡aBOA001 ‡bcze ‡dABA001
072 7. ‡a159.9 ‡xPsychologie ‡2Konspekt ‡917
072 7. ‡a37.016 ‡xUčební osnovy. Vyučovací předměty. Učebnice ‡2Konspekt ‡922
080 . ‡a159.9 ‡2MRF
080 . ‡a(075.8) ‡2MRF
1001 . ‡aVágnerová, Marie, ‡d1946- ‡7jn99240001396 ‡4aut
24510. ‡aZáklady psychologie / ‡cMarie Vágnerová
250 . ‡aVyd. 1.
260 . ‡aV Praze : ‡bKarolinum, ‡c2004
300 . ‡a356 s. ; ‡c22 cm
500 . ‡aDotisk r. 2005, 2. dotisk r. 2007
504 . ‡aObsahuje bibliografii, bibliografické odkazy a rejstříky
550 . ‡aVydavatel: Univerzita Karlova v Praze
65007. ‡apsychologie ‡7ph115948 ‡2czenas
65009. ‡apsychology ‡2eczenas
655 7. ‡aučebnice vysokých škol ‡7fd133772 ‡2czenas
655 9. ‡atextbooks (higher) ‡2eczenas
7102 . ‡aUniverzita Karlova ‡7kn20010710036
85641. ‡uhttp://kramerius4.nkp.cz/search/handle/uuid:4018eba0-ab05-11e6-b707-005056827e51 ‡yDigitalizovaný dokument
910 . ‡aABG312
901 . ‡a15214 ‡bUnknown ‡c15214 ‡tbiblio

Additional Resources